000097682 001__ 97682
000097682 005__ 20210118122853.0
000097682 037__ $$aTAZ-TFG-2020-5193
000097682 041__ $$aspa
000097682 1001_ $$aHerrero Cambra, Guillermo 
000097682 24200 $$aMineral transformations during bauxitic clays firing process related with physical properties of refractory materials
000097682 24500 $$aTransformaciones minerales durante el proceso de cocción de arcillas bauxíticas y su relación con propiedades físicas de refractarios
000097682 260__ $$aZaragoza$$bUniversidad de Zaragoza$$c2020
000097682 506__ $$aby-nc-sa$$bCreative Commons$$c3.0$$uhttp://creativecommons.org/licenses/by-nc-sa/3.0/
000097682 520__ $$aThis research focuses on the mineral and textural transformations during the firing process (from 1000 to 1300ºC) of a bauxite sample from the Sant Mamet Mountain Range (Lérida). This sample, mainly made of bohemite, iron oxides and kaolinite, was mixed in a 90/10 ratio with a clay from the Escucha Fm, mainly composed by quartz and illite. Both the raw and the fired samples at different temperatures were analyzed by X-ray diffraction, optical and electronic microscopy aswell as geochemically characterized by X-ray fluorescence. Also, their physical<br />properties were determined, including density, linear shrinkage, colour, porosity and point load resistance. The clays were destabilized at 1000º and transformed to mullite but they kept their morphologies at this temperature. At this temperature, Fe and Al oxyhydroxides were destabilized too. At increasing firing temperatures, more mineral phases as quartz and hematite began to destabilize leading to the formation of a vitreous phase, which gave rise to the crystallization of abundant mullite, clearly the most abundant phase at 1200 and 1300ºC. With increasing temperature, mullite composition shows lower Si/Al rate and thus, it is closer to empirical mullite formula. With regard to physical properties, variations in density, linear shrinkage, weight loss, total porosity, average pores size and results in point load test are related to the destabilization of the initial mineral phases, the formation of the vitreous phase and the subsequent crystallization of mullite. Changes in colour are due to the initial crystallization of hematite and its subsequent destabilization.<br /><br />
000097682 521__ $$aGraduado en Geología
000097682 540__ $$aDerechos regulados por licencia Creative Commons
000097682 700__ $$aYuste Oliete, Alfonso $$edir.
000097682 7102_ $$aUniversidad de Zaragoza$$b $$c
000097682 8560_ $$f680726@unizar.es
000097682 8564_ $$s1770024$$uhttps://zaguan.unizar.es/record/97682/files/TAZ-TFG-2020-5193.pdf$$yMemoria (spa)
000097682 909CO $$ooai:zaguan.unizar.es:97682$$pdriver$$ptrabajos-fin-grado
000097682 950__ $$a
000097682 951__ $$adeposita:2021-01-18
000097682 980__ $$aTAZ$$bTFG$$cCIEN
000097682 999__ $$a20201204094957.CREATION_DATE